000 00313nam a2200133Ia 4500
008 230917s9999||||xx |||||||||||||| ||und||
040 _e92653
_aMAIN
041 _aEnglish
082 _a616.01 D536P
100 _aDharam Pal
245 0 _aProteocin sensitivity typing of proteus
300 _a69 p.
942 _cTH
999 _c49608
_d49608